000 00472nam a22001817a 4500
005 20230821112604.0
008 230818b |||||||| |||| 00| 0 eng d
020 _a978-93-5465-902-7
041 _aeng
082 _a618.2 DUT-T
100 _aDUTTA, DC
_98120
245 _aTEXTBOOK OF OBSTETRICS : Including perinatology and contraception
250 _a10th ed. 2023.
260 _aNEW DELHI
_bJAYPEE BROTHERS
300 _a659;p
650 _aBPT
_98121
942 _cBK
999 _c8393
_d8391